| 000 | 00481cam a2200181ua 4500 | ||
|---|---|---|---|
| 001 | 1052 | ||
| 008 | 110427n ii |||gr||||Z||||||eng | ||
| 040 | _cMAIN | ||
| 082 | _a324 | ||
| 245 | 1 |
_aRajnaitik padhyati. _cBy Birendrakumar Talukder. |
|
| 250 | _a1st. | ||
| 260 |
_aDibrugarh.: _bPathyaputhi prastuti samannay samiti.,975. |
||
| 300 |
_a438 p.: _c21 cm. |
||
| 653 | _aPolitical science. | ||
| 653 | _aRajnaitik paddhati. | ||
| 700 | _aTalukder, Birendrakumar., | ||
| 942 | _cBK | ||
| 999 |
_c968 _d968 |
||